=LDR 00000nam 2200000 4500 =001 NUTBA000000000005452 =005 20251104115645 =035 ##$$a 0010-101400000000682 =008 251104###########################0#ind## =020 ##$$a 602.8227.36-0 =040 ##$$a NBPDMAT =082 ##$$a 910.2 =090 ##$$a 910.2 Adh p =100 ##$$a Adhyaksa Dault =245 1#$$a Pemuda dan Kelautan pariwisata bahari nusantara /$c Adhyaksa Dault =260 ##$$a Yogyakarta :$b Citra Aji Parama,$c 2009 =300 ##$$a v, 56 hlm : $b ilus ; $c 28 cm. =500 ##$$a Bibliografi hlm : 56 =650 #4$$a Parisata Bahasa - Indonesia =850 ##$$a NBPDMAT =084 ##$$a 910.2 ADH p =990 ##$$a 21414577 =990 ##$$a 21414578 =990 ##$$a 21414579 =990 ##$$a 21414580 =990 ##$$a 21414581 =990 ##$$a 21414577 =990 ##$$a 21414578 =990 ##$$a 21414579 =990 ##$$a 21414580 =990 ##$$a 21414581